Die Chronica Pontificum Leodiensium : Eine Verlorene Quellenschrift des XIII. Jahrhunderts. Nebst Einer Probe der Wiederherstellung.

Bibliographic Details
Main Author: Franz, Friedrich.
Format: eBook
Language:German
Published: Berlin/Boston : Walter de Gruyter GmbH, 1900.
Edition:1st ed.
Subjects:
Online Access:Click to View
LEADER 01462nam a22003373i 4500
001 EBC7014861
003 MiAaPQ
005 20231204023225.0
006 m o d |
007 cr cnu||||||||
008 231204s1900 xx o ||||0 ger d
020 |a 9783111463216  |q (electronic bk.) 
035 |a (MiAaPQ)EBC7014861 
035 |a (Au-PeEL)EBL7014861 
035 |a (OCoLC)1330934664 
040 |a MiAaPQ  |b eng  |e rda  |e pn  |c MiAaPQ  |d MiAaPQ 
100 1 |a Franz, Friedrich. 
245 1 4 |a Die Chronica Pontificum Leodiensium :  |b Eine Verlorene Quellenschrift des XIII. Jahrhunderts. Nebst Einer Probe der Wiederherstellung. 
250 |a 1st ed. 
264 1 |a Berlin/Boston :  |b Walter de Gruyter GmbH,  |c 1900. 
264 4 |c Ã1882. 
300 |a 1 online resource (72 pages) 
336 |a text  |b txt  |2 rdacontent 
337 |a computer  |b c  |2 rdamedia 
338 |a online resource  |b cr  |2 rdacarrier 
588 |a Description based on publisher supplied metadata and other sources. 
590 |a Electronic reproduction. Ann Arbor, Michigan : ProQuest Ebook Central, 2023. Available via World Wide Web. Access may be limited to ProQuest Ebook Central affiliated libraries.  
655 4 |a Electronic books. 
776 0 8 |i Print version:  |a Franz, Friedrich  |t Die Chronica Pontificum Leodiensium  |d Berlin/Boston : Walter de Gruyter GmbH,c1900 
797 2 |a ProQuest (Firm) 
856 4 0 |u https://ebookcentral.proquest.com/lib/matrademy/detail.action?docID=7014861  |z Click to View